Controladores lógicos y autómatas programables

Na minha lista:
Detalhes bibliográficos
Principais autores: Mandado Pérez, Enrique (autor), Marcos Acevedo, Jorge (Autor), Pérez López, Serafín Alfonso (Autor)
Formato: Livro
Idioma:espanhol
Publicado em: Ciudad de México Alfaomega 1999
Edição:2a. ed
coleção:Alfaomega, 490
Assuntos:
Tags: Adicionar Tag
Sem tags, seja o primeiro a adicionar uma tag!

MARC

LEADER 00000nam a2200000 a 4500
001 UCO8712
003 CL-VaPUC
008 001221e19990000MX |||||||||||||||||spa|d
082 0 4 |a 004.64  |b MAN  |2 21 
100 |a Mandado Pérez, Enrique  |e autor  |9 577894 
700 0 |a Marcos Acevedo, Jorge  |e author  |9 453545 
700 0 |a Pérez López, Serafín Alfonso  |e author  |9 453546 
245 1 0 |a Controladores lógicos y autómatas programables 
250 |a 2a. ed 
300 |a 393 p 
942 |c BK 
945 |d 20001221 00:00:00  |a vberengu 
260 |a Ciudad de México  |b Alfaomega  |c 1999 
650 7 |a CONTROLADORES LOGICOS  |2 CL-VaPUC  |9 453547 
650 0 |a Tecnología electrónica  |9 334386 
650 0 |a Ingeniería eléctrica  |9 260573 
650 7 |a CONTROL DE SISTEMAS  |2 CL-VaPUC  |9 352951 
650 0 |a Circuitos lógicos   |9 263161 
650 0 |a Circuitos electrónicos  |9 260204 
650 7 |a CIRCUITOS DE COMPUTADORES  |2 CL-VaPUC  |9 263405 
583 |a last modification  |c 20160920 04:41:25  |k Rodrigo Vera 
490 0 |a Alfaomega, 490 
999 |c 293183  |d 293181 
952 |0 0  |1 0  |4 0  |6 004_640000000000000_MAN_1999  |7 0  |8 A  |9 344517  |a BIBING  |b BIBING  |d 2019-11-20  |i 367794K  |o 004.64 MAN 1999  |p 367794K  |r 2024-01-25  |w 2019-11-20  |y BK  |k EIE 
952 |0 0  |1 0  |4 0  |6 004_640000000000000_MAN_1999  |7 0  |8 A  |9 344518  |a BIBING  |b BIBING  |d 2019-11-20  |i 3677958  |o 004.64 MAN 1999  |p 3677958  |r 2024-01-25  |w 2019-11-20  |y BK  |k EIE